Library Banner

Talaash (Urdu) (Record no. 38271)

MARC details
000 -LEADER
fixed length control field 00440nam a2200181Ia 4500
001 - CONTROL NUMBER
control field 38956
008 - FIXED-LENGTH DATA ELEMENTS--GENERAL INFORMATION
fixed length control field 140423s9999 xx 000 0 und d
020 ## - INTERNATIONAL STANDARD BOOK NUMBER
International Standard Book Number 969503425x
040 ## - CATALOGING SOURCE
Transcribing agency PK-LaUMT
082 ## - DEWEY DECIMAL CLASSIFICATION NUMBER
Classification number 297.4
Item number MUM-T
100 ## - MAIN ENTRY--PERSONAL NAME
Personal name Mumtaz Mufti
245 ## - TITLE STATEMENT
Title Talaash (Urdu)
Statement of responsibility, etc Mumtaz Mufti
260 ## - PUBLICATION, DISTRIBUTION, ETC. (IMPRINT)
Place of publication, distribution, etc Lahore,Pakistan:
Name of publisher, distributor, etc Al-Faisal Publisher and Traders,
Date of publication, distribution, etc 2006
300 ## - PHYSICAL DESCRIPTION
Extent 272 p.
546 ## - LANGUAGE NOTE
Language note EN
650 ## - SUBJECT ADDED ENTRY--TOPICAL TERM
Topical term or geographic name as entry element Tasawaf
942 ## - ADDED ENTRY ELEMENTS (KOHA)
Koha item type Books
Holdings
Withdrawn status Lost status Damaged status Not for loan Home library Current library Date acquired Total Checkouts Full call number Barcode Date last seen Date checked out Price effective from Koha item type
        UMT Main Campus UMT Main Campus 2014-04-23 21 297.4 MUM-T 41741 2026-05-21 2026-05-20 2014-05-05 Books